| Tag |
First Indicator |
Second Indicator |
Subfields |
| LEADER |
00000cam a2200000 a 4500 |
| 001 |
in00002493213 |
| 005 |
20151110123554.0 |
| 008 |
090505s2009 nyu b 001 0 eng d |
| 020 |
|
|
|a 9781599412610
|
| 020 |
|
|
|a 1599412616
|
| 035 |
|
|
|a (OCoLC)ocn320268342
|
| 040 |
|
|
|a FIUCL
|c FIUCL
|d NLA
|d TXA
|d UtOrBLW
|
| 043 |
|
|
|a n-us---
|
| 049 |
|
|
|a TXAM
|
| 090 |
|
|
|a K3240
|b .H846 2009
|
| 245 |
0 |
0 |
|a Human rights /
|c by Louis Henkin [and others].
|
| 250 |
|
|
|a 2nd ed.
|
| 264 |
|
1 |
|a New York :
|b Thomson Reuters/Foundation Press,
|c [2009]
|
| 264 |
|
4 |
|c ©2009
|
| 300 |
|
|
|a lvii, 1622 pages ;
|c 26 cm.
|
| 336 |
|
|
|a text
|b txt
|2 rdacontent
|
| 337 |
|
|
|a unmediated
|b n
|2 rdamedia
|
| 338 |
|
|
|a volume
|b nc
|2 rdacarrier
|
| 490 |
1 |
|
|a University casebook series
|
| 504 |
|
|
|a Includes bibliographical references (pages ix-xvii) and index.
|
| 650 |
|
0 |
|a Human rights
|v Cases.
|
| 650 |
|
0 |
|a Civil rights
|z United States
|v Cases.
|
| 650 |
|
0 |
|a Human rights movements
|v Cases.
|
| 700 |
1 |
|
|a Henkin, Louis.
|
| 830 |
|
0 |
|a University casebook series.
|
| 945 |
|
|
|a PromptCat
|
| 948 |
|
|
|a cataloged
|b h
|c 2009/6/9
|d c
|e dmitchel
|f 2:44:16 pm
|
| 994 |
|
|
|a C0
|b TXA
|
| 999 |
|
|
|a MARS
|
| 999 |
f |
f |
|s 40638d2d-c85b-3e45-af98-45a80aaa4bbd
|i 4863019e-4898-3f34-9ef2-ad70bf244925
|t 0
|
| 952 |
f |
f |
|p normal
|a Texas A&M University
|b College Station
|c Sterling C. Evans Library
|s Evans stk
|d Evans: Library Stacks
|t 0
|e K3240 .H846 2009
|h Library of Congress classification
|i unmediated -- volume
|m A14840101209
|
| 998 |
f |
f |
|a K3240 .H846 2009
|t 0
|l Evans: Library Stacks
|